Financial Accounting: a user perspective. (Record no. 2728)

MARC details
005 - DATE AND TIME OF LATEST TRANSACTION
control field 20250527102830.0
020 ## - INTERNATIONAL STANDARD BOOK NUMBER
International Standard Book Number 978-0-470-15371-0
082 ## - DEWEY DECIMAL CLASSIFICATION NUMBER
Classification number LECT 657.044 HOS
100 ## - MAIN ENTRY--PERSONAL NAME
Author name HOSKIN, R. E.
245 ## - TITLE STATEMENT
Title Financial Accounting: a user perspective.
250 ## - EDITION STATEMENT
Edition statement 5th Ed.
260 ## - PUBLICATION, DISTRIBUTION, ETC.
Place of publication, distribution, etc. Canada,
Name of publisher, distributor, etc. John wiley & Sons,
Date of publication, distribution, etc. 2008.
300 ## - PHYSICAL DESCRIPTION
Extent xvii, 854p.: ill.; figure, graph, picture, table.
Other physical details Index,
Dimensions 27cm.
700 ## - ADDED ENTRY--PERSONAL NAME
Other authors/Editors FIZZELL, M. R. & CHERRY, D. C.
856 ## - ELECTRONIC LOCATION AND ACCESS
Link text Access online book.
Electronic name Financial Accounting: a user perspective.
Path www.wiley.ca
942 ## - ADDED ENTRY ELEMENTS (KOHA)
Source of classification or shelving scheme Dewey Decimal Classification
Koha item type Books
Holdings
Date last seen Total checkouts Full call number Barcode Cost, replacement price Price effective from Koha item type Lost status Source of classification or shelving scheme Damaged status Not for loan Withdrawn status Home library Current library Shelving location Date acquired Cost, normal purchase price
06/27/2025   657HOS DOM000495 120000.00 06/27/2025 Books   Dewey Decimal Classification       CBE Dodoma CBE Dodoma General Collection 11/24/2014 40000.00
06/27/2025   657HOS DOM000368 120000.00 06/27/2025 Books   Dewey Decimal Classification       CBE Dodoma CBE Dodoma General Collection 11/24/2014 40000.00
06/27/2025   657HOS DOM000280 120000.00 06/27/2025 Books   Dewey Decimal Classification       CBE Dodoma CBE Dodoma General Collection 11/24/2014 40000.00
06/28/2025   657 HOS DOM0002405 120000.00 06/28/2025 Books   Dewey Decimal Classification       CBE Dodoma CBE Dodoma General Collection 11/24/2014 40000.00
05/27/2025   LECT 657.044 HOS 00000010256 120000.00 05/27/2025 Books   Dewey Decimal Classification       College of Business Education Main Library College of Business Education Main Library General Collection 11/28/2014 40000.00
05/27/2025   LECT 657.044 HOS 00000010257 120000.00 05/27/2025 Books   Dewey Decimal Classification       College of Business Education Main Library College of Business Education Main Library General Collection 11/28/2014 40000.00